| 000 | 01667nam0a22003251 4500 | ||
|---|---|---|---|
| 001 | rc\3634105 | ||
| 005 | 20230915131837.0 | ||
| 035 | _a(NLR Aleph) 007724964 | ||
| 090 |
_a6992714 _c6992714 |
||
| 100 | _a20130115d1970 |||y0rusy50 ca | ||
| 101 | 0 | _arus | |
| 102 | _aRU | ||
| 105 | _ay z ||||| | ||
| 200 | 1 |
_aМетодика учета, анализа и планирования трудоемкости продукции на предприятиях хлебопекарной промышленности _fВоронежский гос. ун-т им. Ленинского Комсомола. Науч.-исслед. экон. ин-т. Отраслевая науч.-исслед. лаборатория экономики и организации производства и труда М-ва пищевой пром-сти РСФСР |
|
| 210 |
_aВоронеж _cБ. и. _d1970 |
||
| 215 |
_a63 с. _d20 |
||
| 300 | _aНа обороте тит. л. принимали участие С.М. Алексеев, И.С. Китмахер, Н.А. Мясоедова, Л.И. Пирожкова | ||
| 333 | _aДля служебного пользования | ||
| 702 | 1 |
_aМясоедова _bН. А. _4570 |
|
| 702 | 1 |
_aПирожкова _bЛ. И. _4570 |
|
| 702 | 1 |
_aРубахина _bН. А. _4220 |
|
| 702 | 1 |
_aКитмахер _bИ. С. _4570 |
|
| 702 | 1 |
_aАлексеев _bС. М. _4570 |
|
| 712 | 0 | 2 | _aВысшая профсоюзная школа (Ленинград). Заочное отделение |
| 801 | 0 |
_aRU _bNLR _gpsbo |
|
| 801 | 1 |
_aRU _bELAR _2rusmarc |
|
| 852 |
_aNLR _j71-50к/109 |
||
| 942 | _cBOOK | ||
| 980 | _aNB | ||